[Event "DVM U12 2020"]
[Site "Magdeburg GER"]
[Date "2021.08.08"]
[Round "7"]
[White "Beck, Jason"]
[Black "Tibi, Anwar"]
[Result "0-1"]
[Termination "normal"]
[Board "3.4"]
[WhiteElo "1132"]
[BlackElo "1204"]
[WhiteClock "00:30:14"]
[BlackClock "00:13:25"]
[WhiteTeam "SG Einheit Staßfurt"]
[BlackTeam "Godesberger Schachklub 1929 e. V."]
[PlyCount "100"]
[WhiteFideId "34608389"]
[BlackFideId "34608133"]
[EventCountry "GER"]
[EventRounds "7"]
[EventType "team-swiss"]
[EventDate "2021.08.04"]

1. e4 {[%clk 01:30:59]} {[%emt 00:09:28]} e5 {[%clk 01:30:54]} 2. Nf3 {[%clk
01:31:16]} Nc6 {[%clk 01:31:18]} 3. Bc4 {[%clk 01:31:31]} Bc5 {[%clk 01:31:37]}
4. Nc3 {[%clk 01:31:38]} {[%emt 01:57:22]} Nf6 {[%clk 01:31:33]} 5. d3 {[%clk
01:31:50]} h6 {[%clk 01:31:51]} 6. Be3 {[%clk 01:31:36]} Bb6 {[%clk 01:32:09]}
7. O-O {[%clk 01:31:58]} {[%emt 00:00:04]} d6 {[%clk 01:32:31]} 8. h3 {[%clk
01:31:18]} Be6 {[%clk 01:32:28]} 9. Bb3 {[%clk 01:31:40]} O-O {[%clk 01:32:49]}
10. Qd2 {[%clk 01:29:53]} {[%emt 00:00:38]} Nd4 {[%clk 01:29:52]} 11. Qd1
{[%clk 01:23:18]} Qd7 {[%clk 01:25:18]} 12. Nd5 {[%clk 01:14:59]} Bxd5 {[%clk
01:22:24]} 13. Bxd5 {[%clk 01:15:11]} {[%emt 00:00:17]} c6 {[%clk 01:22:17]}
14. Bb3 {[%clk 01:15:22]} Rfe8 {[%clk 01:19:51]} 15. c3 {[%clk 01:10:27]} Ne6
{[%clk 01:17:07]} 16. d4 {[%clk 01:07:38]} exd4 {[%clk 01:14:29]} 17. cxd4
{[%clk 01:06:06]} Nxe4 {[%clk 01:08:53]} 18. d5 {[%clk 01:05:17]} Nc7 {[%clk
01:01:41]} 19. Bxb6 {[%clk 00:47:40]} {[%emt 00:00:17]} axb6 {[%clk 01:01:30]}
20. Re1 {[%clk 00:46:50]} Nc5 {[%clk 00:55:49]} 21. Rxe8+ {[%clk 00:41:53]}
Nxe8 {[%clk 00:50:08]} 22. dxc6 {[%clk 00:36:37]} bxc6 {[%clk 00:45:26]} 23.
Qc2 {[%clk 00:24:33]} {[%emt 00:05:28]} Nf6 {[%clk 00:37:21]} {[%emt 00:10:08]}
24. Re1 {[%clk 00:17:46]} {[%emt 00:10:57]} Re8 {[%clk 00:31:03]} {[%emt
00:10:07]} 25. Rxe8+ {[%clk 00:16:18]} Qxe8 {[%clk 00:30:15]} 26. Bc4 {[%clk
00:14:07]} {[%emt 00:00:04]} b5 {[%clk 00:28:12]} 27. Bd3 {[%clk 00:13:55]}
{[%emt 00:00:34]} Qa8 {[%clk 00:23:03]} {[%emt 00:32:49]} 28. a3 {[%clk
00:12:19]} Qa4 {[%clk 00:19:10]} 29. Qxa4 {[%clk 00:10:18]} Nxa4 {[%clk
00:19:18]} 30. b3 {[%clk 00:10:39]} Nc5 {[%clk 00:19:23]} {[%emt 00:00:13]} 31.
Bc2 {[%clk 00:11:01]} Ne6 {[%clk 00:18:36]} 32. a4 {[%clk 00:10:40]} Nd5 {[%clk
00:18:46]} 33. axb5 {[%clk 00:09:42]} cxb5 {[%clk 00:19:06]} {[%emt 00:00:04]}
34. Bd3 {[%clk 00:07:28]} b4 {[%clk 00:16:52]} 35. Bc4 {[%clk 00:07:20]} Ndc7
{[%clk 00:16:10]} 36. Bxe6 {[%clk 00:05:45]} Nxe6 {[%clk 00:16:35]} {[%emt
00:00:05]} 37. g4 {[%clk 00:05:13]} g5 {[%clk 00:15:41]} 38. Nd2 {[%clk
00:04:21]} {[%emt 00:00:36]} Kg7 {[%clk 00:15:36]} 39. Nc4 {[%clk 00:03:23]}
{[%emt 00:01:29]} d5 {[%clk 00:15:32]} {[%emt 00:00:26]} 40. Nd2 {[%clk
00:01:34]} {[%emt 00:02:20]} Kf6 {[%clk 00:15:34]} {[%emt 00:02:27]} 41. f3
{[%clk 00:01:40]} Ke5 {[%clk 00:15:36]} 42. Kf2 {[%clk 00:01:53]} Kd4 {[%clk
00:15:27]} 43. Ke2 {[%clk 00:01:32]} {[%emt 00:00:38]} Kc3 {[%clk 00:13:25]}
{[%emt 00:02:37]} 44. Kd1 {[%clk 00:30:14]} {[%emt 00:01:44]} Nd4 45. Nb1+
{[%clk 00:30:14]} Kxb3 46. Nd2+ {[%clk 00:30:14]} Kc3 47. Ke1 {[%clk 00:30:14]}
b3 48. Nxb3 {[%clk 00:30:14]} Nxb3 49. Kd1 {[%clk 00:30:14]} d4 50. Ke2 {[%clk
00:30:14]} d3+ 0-1

[Event "DVM U12 2020"]
[Site "Magdeburg GER"]
[Date "2021.08.08"]
[Round "7"]
[White "Semling, Julius"]
[Black "Schwan, Aaron"]
[Result "1-0"]
[Termination "normal"]
[Board "4.1"]
[WhiteElo "1318"]
[BlackElo "1532"]
[WhiteClock "00:29:48"]
[BlackClock "00:58:52"]
[WhiteTeam "SC Brandeck-Turm Ohlsbach e.V."]
[BlackTeam "SK Tarrasch 1945 München"]
[PlyCount "131"]
[WhiteFideId "16290160"]
[BlackFideId "34603220"]
[EventCountry "GER"]
[EventRounds "7"]
[EventType "team-swiss"]
[EventDate "2021.08.04"]

1. e4 {[%clk 01:30:59]} g6 {[%clk 01:30:51]} {[%emt 00:00:29]} 2. d4 {[%clk
01:31:22]} Bg7 {[%clk 01:31:19]} 3. Nf3 {[%clk 01:31:39]} {[%emt 00:07:22]} c5
{[%clk 01:31:46]} 4. dxc5 {[%clk 01:31:46]} Qa5+ {[%clk 01:32:09]} 5. c3 {[%clk
01:32:04]} Qxc5 {[%clk 01:32:33]} 6. Na3 {[%clk 01:32:14]} Nf6 {[%clk
01:31:45]} 7. e5 {[%clk 01:32:20]} Ng4 {[%clk 01:30:38]} 8. Qd4 {[%clk
01:32:38]} d6 {[%clk 01:29:01]} 9. Nb5 {[%clk 01:30:08]} {[%emt 00:02:31]} Na6
{[%clk 01:26:18]} {[%emt 00:04:58]} 10. Qxc5 {[%clk 01:28:29]} {[%emt
00:00:24]} dxc5 {[%clk 01:25:51]} {[%emt 00:02:45]} 11. Bf4 {[%clk 01:27:13]}
O-O {[%clk 01:23:52]} {[%emt 00:02:49]} 12. Bc4 {[%clk 01:19:29]} {[%emt
00:07:52]} Bd7 {[%clk 01:19:15]} {[%emt 00:05:11]} 13. O-O {[%clk 01:14:13]}
{[%emt 00:05:43]} Bxb5 {[%emt 00:04:35]} 14. Bxb5 {[%emt 00:00:06]} Nb8 {[%clk
01:14:08]} {[%emt 00:04:35]} 15. Rad1 {[%clk 01:01:36]} {[%emt 00:10:27]} a6
{[%clk 01:08:19]} {[%emt 00:06:19]} 16. Bc4 {[%clk 00:57:33]} {[%emt 00:04:33]}
Nc6 {[%clk 01:03:49]} {[%emt 00:05:02]} 17. e6 {[%clk 00:51:48]} {[%emt
00:06:13]} f5 {[%clk 01:02:44]} {[%emt 00:01:36]} 18. Rfe1 {[%clk 00:34:17]}
{[%emt 00:18:01]} Nf6 {[%clk 00:57:21]} {[%emt 00:05:52]} 19. Ne5 {[%clk
00:27:07]} {[%emt 00:14:52]} Nxe5 {[%clk 00:52:39]} 20. Bxe5 {[%clk 00:27:34]}
b5 {[%clk 00:49:32]} {[%emt 00:02:07]} 21. Be2 {[%clk 00:23:25]} {[%emt
00:04:19]} c4 {[%clk 00:42:28]} {[%emt 00:07:36]} 22. Bf3 {[%clk 00:21:12]}
{[%emt 00:02:29]} Rad8 {[%clk 00:41:50]} {[%emt 00:01:11]} 23. Bb7 {[%clk
00:19:10]} {[%emt 00:02:30]} a5 {[%clk 00:33:25]} {[%emt 00:09:04]} 24. Ba6
{[%clk 00:14:38]} {[%emt 00:04:55]} b4 {[%clk 00:31:35]} {[%emt 00:02:18]} 25.
Bxc4 {[%clk 00:13:45]} {[%emt 00:01:26]} bxc3 {[%clk 00:31:19]} {[%emt
00:00:50]} 26. Bxc3 {[%clk 00:14:01]} {[%emt 00:00:08]} Rxd1 {[%clk 00:30:35]}
{[%emt 00:01:20]} 27. Rxd1 {[%clk 00:14:30]} Rc8 {[%clk 00:30:39]} {[%emt
00:00:24]} 28. Ba6 {[%clk 00:12:30]} {[%emt 00:02:29]} Ra8 {[%clk 00:30:39]}
{[%emt 00:00:28]} 29. Bb7 {[%clk 00:12:38]} {[%emt 00:00:22]} Rb8 {[%clk
00:30:47]} {[%emt 00:00:22]} 30. Bf3 {[%clk 00:12:37]} {[%emt 00:00:30]} Ne4
{[%clk 00:30:32]} {[%emt 00:01:00]} 31. Bxg7 {[%clk 00:10:43]} {[%emt
00:02:11]} Kxg7 {[%clk 00:30:53]} {[%emt 00:00:09]} 32. Bxe4 {[%clk 00:10:43]}
{[%emt 00:00:31]} fxe4 {[%clk 00:31:22]} 33. Rd2 {[%clk 00:10:56]} {[%emt
00:00:16]} Kf6 {[%clk 00:31:45]} {[%emt 00:00:12]} 34. Re2 {[%clk 00:11:13]}
{[%emt 00:00:08]} Rb4 {[%clk 00:31:07]} {[%emt 00:01:11]} 35. a3 {[%clk
00:08:25]} {[%emt 00:03:22]} Rb3 {[%clk 00:30:58]} {[%emt 00:00:32]} 36. Kf1
{[%clk 00:07:53]} {[%emt 00:01:04]} Kxe6 {[%clk 00:29:52]} {[%emt 00:01:37]}
37. Rxe4+ {[%clk 00:08:16]} {[%emt 00:00:07]} Kd6 {[%clk 00:30:11]} {[%emt
00:00:07]} 38. Ra4 {[%clk 00:07:34]} {[%emt 00:01:38]} Rxb2 {[%clk 00:30:24]}
{[%emt 00:00:03]} 39. Rxa5 {[%clk 00:08:02]} Ra2 {[%clk 00:30:32]} {[%emt
00:00:12]} 40. g3 {[%clk 00:07:56]} {[%emt 00:00:36]} e5 {[%clk 00:30:15]}
{[%emt 00:01:04]} 41. Ra7 {[%clk 00:07:44]} {[%emt 00:00:25]} Ke6 {[%clk
00:30:02]} {[%emt 00:00:55]} 42. a4 {[%clk 00:07:47]} {[%emt 00:00:17]} h6
{[%clk 00:29:22]} {[%emt 00:01:08]} 43. a5 {[%clk 00:07:50]} {[%emt 00:00:27]}
h5 {[%clk 00:29:03]} {[%emt 00:00:52]} 44. a6 {[%clk 00:07:51]} {[%emt
00:00:26]} Kd5 {[%clk 00:28:54]} {[%emt 00:00:43]} 45. Ra8 {[%clk 00:07:25]}
{[%emt 00:00:52]} g5 {[%clk 00:25:02]} {[%emt 00:04:23]} 46. a7 {[%clk
00:06:36]} {[%emt 00:01:20]} Ke4 {[%clk 00:25:00]} {[%emt 00:00:36]} 47. Rg8
{[%clk 00:06:09]} {[%emt 00:00:46]} Rxa7 {[%clk 00:25:09]} {[%emt 00:00:51]}
48. Rxg5 {[%clk 00:06:30]} {[%emt 00:00:03]} Rh7 {[%clk 00:25:27]} 49. Kg2
{[%clk 00:06:29]} {[%emt 00:00:24]} h4 {[%clk 00:25:14]} {[%emt 00:00:43]} 50.
Rg4+ {[%clk 00:03:04]} {[%emt 00:03:58]} Kf5 {[%clk 00:25:02]} {[%emt
00:00:39]} 51. Rxh4 {[%clk 00:03:22]} {[%emt 00:00:12]} Rg7 {[%clk 00:25:09]}
{[%emt 00:00:22]} 52. Ra4 {[%clk 00:03:33]} {[%emt 00:00:45]} Rh7 {[%clk
00:25:26]} 53. h4 {[%clk 00:03:36]} {[%emt 00:00:16]} Rb7 {[%clk 00:25:29]}
{[%emt 00:00:26]} 54. g4+ {[%clk 00:03:19]} {[%emt 00:00:49]} Kg6 {[%clk
00:25:52]} {[%emt 00:00:08]} 55. Ra6+ {[%clk 00:03:31]} {[%emt 00:00:14]} Kg7
{[%clk 00:26:15]} {[%emt 00:00:15]} 56. h5 {[%clk 00:02:21]} {[%emt 00:01:32]}
Rb3 {[%clk 00:25:44]} {[%emt 00:01:03]} 57. g5 {[%clk 00:02:29]} {[%emt
00:00:23]} Rb7 {[%clk 00:26:06]} {[%emt 00:00:07]} 58. Kf3 {[%clk 00:02:34]}
{[%emt 00:00:24]} Rf7+ {[%clk 00:26:24]} {[%emt 00:00:27]} 59. Ke4 {[%clk
00:01:33]} {[%emt 00:01:17]} Rxf2 {[%clk 00:26:44]} {[%emt 00:00:37]} 60. Ra7+
{[%clk 00:02:01]} Kg8 {[%clk 00:27:03]} 61. Kxe5 {[%clk 00:01:07]} {[%emt
00:01:12]} Rf1 {[%clk 00:27:27]} {[%emt 00:00:22]} 62. g6 {[%clk 00:00:31]}
{[%emt 00:00:47]} Rf2 {[%clk 00:27:37]} {[%emt 00:00:24]} 63. h6 {[%clk
00:29:25]} {[%emt 00:01:33]} Re2+ {[%clk 00:57:59]} {[%emt 00:00:33]} 64. Kf4
{[%clk 00:29:49]} {[%emt 00:00:07]} Rf2+ {[%clk 00:58:26]} 65. Ke3 {[%clk
00:30:07]} Rf8 {[%clk 00:58:52]} 66. h7+ {[%clk 00:29:48]} {[%emt 00:00:41]}
1-0

[Event "DVM U12 2020"]
[Site "Magdeburg GER"]
[Date "2021.08.08"]
[Round "7"]
[White "Rudolph, Alexander"]
[Black "Semling, Johannes"]
[Result "1-0"]
[Termination "normal"]
[Board "4.2"]
[WhiteElo "1352"]
[BlackElo "1664"]
[WhiteClock "01:07:41"]
[BlackClock "00:44:48"]
[WhiteTeam "SK Tarrasch 1945 München"]
[BlackTeam "SC Brandeck-Turm Ohlsbach e.V."]
[PlyCount "57"]
[WhiteFideId "16275748"]
[BlackFideId "16290151"]
[EventCountry "GER"]
[EventRounds "7"]
[EventType "team-swiss"]
[EventDate "2021.08.04"]

1. e4 {[%clk 01:30:30]} {[%emt 00:01:02]} c5 {[%clk 01:30:56]} 2. Nf3 {[%clk
01:30:37]} {[%emt 00:00:07]} a6 {[%clk 01:31:22]} 3. d4 {[%clk 01:30:26]}
{[%emt 00:00:55]} cxd4 {[%clk 01:31:42]} 4. Nxd4 {[%clk 01:30:49]} {[%emt
00:00:17]} Nf6 {[%clk 01:32:05]} {[%emt 00:00:09]} 5. Nc3 {[%clk 01:30:35]}
{[%emt 00:01:50]} e5 {[%clk 01:32:25]} 6. Nb3 {[%clk 01:30:50]} Bb4 {[%clk
01:32:45]} 7. Bd3 {[%clk 01:30:34]} Bxc3+ {[%clk 01:32:15]} {[%emt 00:02:14]}
8. bxc3 {[%clk 01:30:37]} d6 {[%clk 01:31:47]} 9. O-O {[%clk 01:29:46]} {[%emt
00:07:50]} O-O {[%clk 01:25:48]} {[%emt 00:00:23]} 10. f4 {[%clk 01:29:03]}
{[%emt 00:00:53]} exf4 {[%clk 01:23:10]} {[%emt 00:18:38]} 11. Bxf4 {[%clk
01:29:07]} Re8 {[%clk 01:22:11]} 12. Bg5 {[%clk 01:21:27]} Nbd7 {[%clk
01:11:15]} {[%emt 00:11:02]} 13. Qd2 {[%clk 01:20:21]} h6 {[%clk 01:03:52]}
{[%emt 00:05:42]} 14. Bxh6 {[%clk 01:20:14]} gxh6 {[%clk 01:04:02]} {[%emt
00:00:06]} 15. Qxh6 {[%clk 01:20:21]} {[%emt 00:00:03]} Re5 {[%clk 00:59:38]}
{[%emt 00:07:34]} 16. Rf3 {[%emt 00:00:07]} Ng4 {[%clk 00:56:19]} {[%emt
00:03:41]} 17. Qf4 {[%clk 01:13:33]} {[%emt 00:05:17]} Ndf6 {[%clk 00:55:22]}
{[%emt 00:05:16]} 18. h3 {[%clk 01:12:55]} Qb6+ {[%clk 00:52:15]} {[%emt
00:03:12]} 19. Nd4 {[%clk 01:10:33]} {[%emt 00:00:23]} Qb2 {[%clk 00:52:20]}
{[%emt 00:00:16]} 20. Nb3 {[%clk 01:10:44]} {[%emt 00:00:27]} Be6 {[%clk
00:52:29]} {[%emt 00:00:55]} 21. Raf1 {[%clk 01:09:47]} {[%emt 00:00:54]} Nh5
{[%clk 00:51:29]} {[%emt 00:01:30]} 22. Qd2 {[%clk 01:09:36]} {[%emt 00:00:42]}
Ngf6 {[%clk 00:51:11]} {[%emt 00:01:07]} 23. g4 {[%clk 01:08:01]} {[%emt
00:01:52]} Kh7 {[%clk 00:51:00]} {[%emt 00:00:33]} 24. gxh5 {[%clk 01:08:01]}
{[%emt 00:06:12]} Rg8+ {[%clk 00:51:28]} 25. Kh2 {[%clk 01:08:07]} Nxe4 {[%clk
00:46:41]} 26. Rf6 {[%clk 01:07:00]} {[%emt 00:01:37]} Rgg5 {[%clk 00:44:42]}
{[%emt 00:02:30]} 27. Bxe4+ {[%clk 01:07:04]} {[%emt 00:00:25]} Rxe4 {[%clk
00:45:00]} {[%emt 00:00:13]} 28. Qxg5 {[%clk 01:07:20]} {[%emt 00:00:31]} Qxc2+
{[%clk 00:44:48]} {[%emt 00:00:23]} 29. R1f2 {[%clk 01:07:41]} {[%emt
00:00:13]} 1-0

[Event "DVM U12 2020"]
[Site "Magdeburg GER"]
[Date "2021.08.08"]
[Round "7"]
[White "Baihaghi, Arash"]
[Black "Lipinsky, Pierre"]
[Result "0-1"]
[Termination "normal"]
[Board "4.3"]
[WhiteElo "1060"]
[BlackElo "1418"]
[WhiteClock "01:18:09"]
[BlackClock "01:07:12"]
[WhiteTeam "SC Brandeck-Turm Ohlsbach e.V."]
[BlackTeam "SK Tarrasch 1945 München"]
[PlyCount "36"]
[WhiteFideId "34604979"]
[BlackFideId "16206290"]
[EventCountry "GER"]
[EventRounds "7"]
[EventType "team-swiss"]
[EventDate "2021.08.04"]

1. e4 {[%clk 01:30:58]} c6 {[%clk 01:30:59]} 2. Nf3 {[%clk 01:30:47]} d5 {[%clk
01:31:24]} 3. exd5 {[%clk 01:30:46]} cxd5 {[%clk 01:31:48]} {[%emt 00:00:05]}
4. Ne5 {[%clk 01:29:59]} {[%emt 00:01:13]} Nf6 {[%clk 01:31:01]} {[%emt
00:08:50]} 5. d4 {[%clk 01:29:39]} Nc6 {[%clk 01:31:05]} 6. Bb5 {[%clk
01:29:06]} Qb6 {[%clk 01:30:53]} 7. c4 {[%clk 01:28:33]} dxc4 {[%clk 01:27:34]}
{[%emt 00:09:41]} 8. Qa4 {[%clk 01:28:09]} Bd7 {[%clk 01:24:44]} 9. Nxd7 {[%clk
01:28:20]} Nxd7 {[%clk 01:24:49]} 10. Nc3 {[%clk 01:27:48]} e5 {[%clk
01:22:20]} 11. Nd5 {[%clk 01:26:01]} {[%emt 00:02:08]} Qd8 {[%clk 01:18:17]}
{[%emt 00:11:29]} 12. dxe5 {[%clk 01:24:23]} Bc5 {[%clk 01:14:42]} 13. Bd2
{[%clk 01:23:57]} O-O {[%clk 01:14:36]} {[%emt 00:00:35]} 14. Ba5 {[%clk
01:23:34]} {[%emt 00:00:56]} Qh4 {[%clk 01:11:47]} {[%emt 00:11:32]} 15. O-O
{[%clk 01:23:20]} Ndxe5 {[%clk 01:09:05]} 16. g3 {[%clk 01:19:30]} Qh3 {[%clk
01:06:53]} {[%emt 00:02:43]} 17. b4 {[%clk 01:18:09]} {[%emt 00:01:51]} Nf3+
{[%clk 01:07:12]} {[%emt 00:00:15]} 18. Kh1 {[%emt 00:46:30]} Qxh2# 0-1

[Event "DVM U12 2020"]
[Site "Magdeburg GER"]
[Date "2021.08.08"]
[Round "7"]
[White "Daugavet, Roman"]
[Black "Baihaghi, Aryana"]
[Result "0-1"]
[Termination "normal"]
[Board "4.4"]
[WhiteElo "1182"]
[BlackElo "1057"]
[WhiteClock "01:15:05"]
[BlackClock "01:12:34"]
[WhiteTeam "SK Tarrasch 1945 München"]
[BlackTeam "SC Brandeck-Turm Ohlsbach e.V."]
[PlyCount "58"]
[WhiteFideId "34608338"]
[BlackFideId "34604960"]
[EventCountry "GER"]
[EventRounds "7"]
[EventType "team-swiss"]
[EventDate "2021.08.04"]

1. e4 {[%clk 01:30:56]} {[%emt 00:22:07]} d5 {[%clk 01:30:57]} {[%emt
00:10:17]} 2. exd5 {[%clk 01:31:22]} Qxd5 {[%clk 01:31:20]} 3. Nc3 {[%clk
01:31:42]} Qd8 {[%clk 01:31:39]} 4. d4 {[%clk 01:32:07]} Nf6 {[%clk 01:31:59]}
5. h3 {[%clk 01:32:27]} h6 {[%clk 01:32:07]} 6. Nf3 {[%clk 01:32:52]} Bf5
{[%clk 01:32:11]} 7. Bf4 {[%clk 01:33:05]} a6 {[%clk 01:31:32]} 8. Nh4 {[%clk
01:33:17]} Bh7 {[%clk 01:31:45]} 9. Nf3 {[%clk 01:33:13]} e6 {[%clk 01:31:10]}
10. a3 {[%clk 01:33:28]} Be7 {[%clk 01:29:58]} 11. Bc4 {[%clk 01:33:34]} O-O
{[%clk 01:29:35]} 12. O-O {[%clk 01:33:44]} Nbd7 {[%clk 01:26:19]} {[%emt
00:08:34]} 13. Nh2 {[%clk 01:32:02]} Re8 {[%clk 01:26:06]} 14. Rc1 {[%clk
01:31:58]} Nf8 {[%clk 01:26:00]} 15. Be3 {[%clk 01:31:29]} Bg6 {[%clk
01:25:55]} {[%emt 00:00:32]} 16. Ng4 {[%clk 01:29:09]} {[%emt 00:08:30]} Bf5
{[%clk 01:19:41]} {[%emt 00:15:20]} 17. f3 {[%clk 01:23:26]} Bd6 {[%clk
01:17:49]} 18. Nxf6+ {[%clk 01:21:41]} Qxf6 {[%clk 01:17:59]} 19. Rf2 {[%clk
01:18:31]} {[%emt 00:00:26]} Ng6 {[%clk 01:17:59]} {[%emt 00:00:30]} 20. g4
{[%clk 01:17:23]} {[%emt 00:01:41]} Nh4 {[%clk 01:17:24]} {[%emt 00:01:04]} 21.
gxf5 {[%clk 01:15:55]} {[%emt 00:09:59]} exf5 {[%clk 01:17:36]} 22. Qd2 {[%clk
01:15:26]} Bg3 {[%clk 01:17:14]} 23. Re2 {[%clk 01:14:51]} Nxf3+ {[%clk
01:17:32]} 24. Kg2 {[%clk 01:14:57]} Nxd2 {[%clk 01:17:34]} 25. Bxd2 {[%clk
01:15:21]} Bh4 {[%clk 01:16:39]} 26. Nd5 {[%clk 01:14:21]} Rxe2+ {[%clk
01:16:04]} {[%emt 00:00:21]} 27. Bxe2 {[%clk 01:14:44]} {[%emt 00:00:34]} Qe6
{[%clk 01:15:09]} {[%emt 00:01:00]} 28. Bf3 {[%clk 01:14:54]} {[%emt 00:00:19]}
Qg6+ {[%clk 01:13:39]} {[%emt 00:07:45]} 29. Kf1 {[%clk 01:15:05]} Qg3 {[%clk
01:12:34]} 0-1

[Event "DVM U12 2020"]
[Site "Magdeburg GER"]
[Date "2021.08.08"]
[Round "7"]
[White "Wunderlich, Elias"]
[Black "Huber, Benedikt"]
[Result "0-1"]
[Termination "normal"]
[Board "5.1"]
[WhiteElo "1602"]
[BlackElo "1613"]
[WhiteClock "00:45:42"]
[BlackClock "00:22:29"]
[WhiteTeam "SC Garching 1980 e.V."]
[BlackTeam "SK Kelheim 1920"]
[PlyCount "132"]
[WhiteFideId "34608087"]
[BlackFideId "16281225"]
[EventCountry "GER"]
[EventRounds "7"]
[EventType "team-swiss"]
[EventDate "2021.08.04"]

1. e4 {[%clk 01:30:58]} e6 {[%clk 01:30:53]} 2. d4 {[%clk 01:31:23]} d5 {[%clk
01:31:20]} 3. e5 {[%clk 01:31:50]} c5 {[%clk 01:31:49]} 4. c3 {[%clk 01:32:10]}
Nc6 {[%clk 01:32:05]} 5. Nf3 {[%clk 01:32:29]} Nh6 {[%emt 00:45:38]} 6. Bd3
{[%clk 01:31:55]} cxd4 {[%clk 01:31:38]} {[%emt 00:00:13]} 7. cxd4 {[%clk
01:32:15]} Nf5 {[%clk 01:31:58]} 8. Bxf5 {[%clk 01:32:13]} exf5 {[%clk
01:32:26]} 9. Nc3 {[%clk 01:32:19]} Be6 {[%clk 01:27:40]} 10. Bf4 {[%clk
01:31:00]} {[%emt 00:00:04]} Be7 {[%clk 01:19:38]} 11. Qd2 {[%clk 01:31:04]} h6
{[%clk 01:19:27]} 12. h4 {[%clk 01:31:01]} Rc8 {[%clk 01:14:01]} {[%emt
00:00:05]} 13. Qe2 {[%clk 01:18:56]} a6 {[%clk 01:10:04]} 14. Bd2 {[%clk
01:13:25]} Qb6 {[%clk 01:02:13]} 15. Na4 {[%clk 01:12:43]} Qa7 {[%clk
01:02:20]} 16. Qd3 {[%clk 01:07:01]} {[%emt 00:00:13]} Nb4 {[%clk 00:55:26]}
17. Bxb4 {[%clk 01:07:06]} Bxb4+ {[%clk 00:55:52]} 18. Nc3 {[%clk 01:07:07]}
O-O {[%clk 00:53:17]} {[%emt 00:01:03]} 19. O-O {[%clk 01:06:14]} Rc4 {[%clk
00:51:26]} 20. Ne2 {[%clk 01:04:49]} Rfc8 {[%clk 00:49:17]} 21. Ng3 {[%clk
01:02:07]} g6 {[%clk 00:48:17]} 22. h5 {[%clk 01:01:11]} f4 {[%clk 00:43:30]}
23. hxg6 {[%clk 00:58:52]} fxg3 {[%clk 00:33:11]} 24. fxg3 {[%clk 00:54:45]}
Rf8 {[%clk 00:28:28]} {[%emt 00:00:57]} 25. b3 {[%clk 00:51:28]} Rc3 {[%clk
00:24:12]} {[%emt 00:01:38]} 26. gxf7+ {[%clk 00:51:21]} {[%emt 00:04:48]} Kg7
{[%clk 00:22:56]} 27. Qe2 {[%clk 00:48:21]} {[%emt 00:01:02]} Rxf7 {[%clk
00:18:55]} {[%emt 00:04:29]} 28. Rad1 {[%clk 00:47:11]} {[%emt 00:01:37]} Be7
{[%clk 00:13:42]} {[%emt 00:30:06]} 29. Qb2 {[%clk 00:45:37]} Rc8 {[%clk
00:12:10]} 30. Ne1 {[%clk 00:41:50]} Rxf1+ {[%clk 00:12:00]} 31. Kxf1 {[%clk
00:42:14]} Rf8+ {[%clk 00:12:28]} {[%emt 00:00:04]} 32. Kg1 {[%clk 00:42:30]}
Qb6 {[%clk 00:11:28]} 33. Nd3 {[%clk 00:42:23]} Bg4 {[%clk 00:10:24]} 34. Re1
{[%clk 00:41:48]} Qb5 {[%clk 00:08:47]} 35. Nf4 {[%clk 00:35:51]} {[%emt
00:00:05]} Bg5 {[%clk 00:08:24]} 36. a4 {[%clk 00:35:45]} Qb4 {[%clk 00:05:19]}
{[%emt 00:03:21]} 37. Nd3 {[%clk 00:35:39]} {[%emt 00:00:39]} Qa5 {[%clk
00:05:21]} {[%emt 00:00:25]} 38. b4 {[%clk 00:22:43]} {[%emt 00:24:13]} Qxa4
{[%clk 00:04:52]} 39. Nc5 {[%clk 00:22:38]} Qb5 {[%clk 00:03:37]} 40. e6 {[%clk
00:18:47]} b6 {[%clk 00:01:00]} {[%emt 00:00:04]} 41. Nd7 {[%clk 00:15:36]}
{[%emt 00:03:36]} Re8 {[%clk 00:30:15]} {[%emt 00:01:16]} 42. Qf2 {[%clk
00:45:29]} {[%emt 00:00:38]} Bxe6 {[%clk 00:30:06]} {[%emt 00:00:38]} 43. Rxe6
{[%clk 00:44:45]} {[%emt 00:01:14]} Qxd7 {[%clk 00:28:21]} {[%emt 00:02:15]}
44. Rxe8 {[%clk 00:44:42]} {[%emt 00:00:39]} Qxe8 {[%clk 00:28:50]} 45. Qa2
{[%clk 00:44:49]} {[%emt 00:00:18]} Qe3+ {[%clk 00:28:44]} {[%emt 00:00:37]}
46. Kh2 {[%clk 00:44:54]} {[%emt 00:00:24]} Qxd4 {[%clk 00:28:44]} {[%emt
00:00:30]} 47. Qxa6 {[%clk 00:45:12]} {[%emt 00:00:11]} Be7 {[%clk 00:28:28]}
{[%emt 00:00:47]} 48. Qb7 {[%clk 00:44:59]} {[%emt 00:00:43]} Qxb4 {[%clk
00:24:23]} {[%emt 00:04:38]} 49. Qxd5 {[%clk 00:45:22]} {[%emt 00:00:05]} Qd6
{[%clk 00:24:13]} {[%emt 00:00:40]} 50. Qe4 {[%clk 00:45:20]} {[%emt 00:00:35]}
Kf7 {[%clk 00:22:42]} {[%emt 00:02:02]} 51. Qh7+ {[%clk 00:45:20]} {[%emt
00:00:31]} Ke8 {[%clk 00:23:06]} {[%emt 00:00:09]} 52. Qg8+ {[%clk 00:45:13]}
{[%emt 00:00:31]} Kd7 {[%clk 00:23:02]} {[%emt 00:00:32]} 53. Qg4+ {[%clk
00:45:21]} {[%emt 00:00:21]} Kc7 {[%clk 00:23:12]} {[%emt 00:00:20]} 54. Qc4+
{[%clk 00:45:35]} {[%emt 00:00:16]} Kb7 {[%clk 00:22:17]} {[%emt 00:01:25]} 55.
Qe4+ {[%clk 00:45:31]} {[%emt 00:00:37]} Kb8 {[%clk 00:22:37]} {[%emt
00:00:07]} 56. Qc4 {[%clk 00:45:42]} {[%emt 00:00:20]} Bd8 {[%clk 00:22:29]}
{[%emt 00:00:38]} 57. Qb5 Bc7 {[%clk 00:22:29]} 58. Qe8+ Kb7 {[%clk 00:22:29]}
59. Qe4+ Qc6 {[%clk 00:22:29]} 60. Qd4 b5 {[%clk 00:22:29]} 61. Qg4 Qd5 {[%clk
00:22:29]} 62. Qe2 h5 {[%clk 00:22:29]} 63. Kh3 Qf5+ {[%clk 00:22:29]} 64. Kh2
h4 {[%clk 00:22:29]} 65. Qb2 hxg3+ {[%clk 00:22:29]} 66. Kg1 Bb6+ {[%clk
00:22:29]} 0-1